000 00861nam a2200133Ia 4500
008 171212s9999 xx 000 0 und d
020 _a9780833076175
100 _aHamilton, Laura S.;Engberg, John;Steiner, Elizabeth D.;Nelson, Catherine Awsumb;Yuan, Kun
245 _cHamilton, Laura S.;Engberg, John;Steiner, Elizabeth D.;Nelson, Catherine Awsumb;Yuan, Kun
_aImproving School Leadership Through Support, Evaluation, and Incentives
_bThe Pittsburgh Principal Incentive Program
260 _bRAND Corporation
_c2012
650 _aEducation
650 _aSchool improvement programs -- Pennsylvania -- Pittsburgh -- Case studies; Educational leadership -- Pennsylvania -- Pittsburgh -- Case studies; Educational change -- Pennsylvania -- Pittsburgh -- Case studies; School principals -- Pennsylvania -- Pittsbu
856 _uwww.jstor.org/stable/10.7249/mg1223pps
999 _c352201
_d352201